000 00891nam a22003017a 4500
001 BR0404830
003 BR-BrBNA
005 20230928101735.0
007 ta
008 230509b bl.||||| |||| 00| 0 por d
040 _aBR-BrBNA
_bpor
_cBiblioteca Nacional de Agricultura
041 _a(Por)
072 _aC20; N20
090 _ C20 BR0404830
100 1 _aMoraes, A.B. de
100 1 _aSouza, A.A. de
110 1 _aServiço Nacional de Aprendizagem Rural, Brasília, DF (Brasil)
245 1 _aTrabalhador na operação e na manutenção de motosserras: manutenção de motosserras
_bColeção SENAR-83
260 3 _aBrasília, DF (Brasil):
_c2004.
300 _a119 p.
500 _a295 illus.
650 _aSERRA ELÉTRICA
650 _aMANUTENÇÃO
650 _aTRABALHADOR RURAL
650 _aEXTENSÃO RURAL
909 _a202309
_bLucia
_c55
_dLucia Elande
942 _cBK
999 _c67350
_d67350